[Event "EU-chT Seniors 03rd"]
[Site "Dresden"]
[Date "2001.03.01"]
[Round "5.2"]
[White "Eis, Helko"]
[Black "Ljuboschitz, Alexander"]
[Result "1/2-1/2"]
[WhiteElo "2123"]
[BlackElo "2203"]
[EventDate "2001.02.26"]
[PlyCount "120"]

1.d4 Nf6 2.Nf3 g6 3.e3 Bg7 4.Be2 O-O 5.b3 d6 6.Bb2 e5 7.O-O e4 8.Nfd2 Re8 
9.c4 h5 10.Nc3 Bf5 11.b4 Nbd7 12.Nb3 Nf8 13.d5 N8h7 14.Nb5 a6 15.N5d4 Bg4 
16.Qc2 h4 17.Rfe1 Ng5 18.Bf1 h3 19.g3 Nd7 20.Be2 Bxe2 21.Qxe2 Ne5 22.Reb1 
Ngf3+ 23.Kh1 Qd7 24.Nd2 Nxd2 25.Qxd2 Nxc4 26.Qd1 Nxb2 27.Rxb2 Bxd4 28.Qxd4
Re5 29.Qd1 Qf5 30.Rd2 Rc8 31.Rc1 Kg7 32.Rc4 Qd7 33.Rdd4 f5 34.Qf1 Rh8 35.
Qc1 Re7 36.Qc3 Kh7 37.Rd2 Rf8 38.Qa1 Kg8 39.Qf1 Rh7 40.Rdc2 Qd8 41.Qd1 
Rff7 42.Kg1 Qg5 43.Kf1 Qh5 44.Qxh5 gxh5 45.f3 Re7 46.Kf2 Kf8 47.Rd2 h4 48.
gxh4 Rhg7 49.Kf1 exf3 50.Rf2 Rxe3 51.Rf4 Re5 52.R2xf3 Rxd5 53.Rxh3 Rg4 54.
Rff3 Kg7 55.Rhg3 Kg6 56.Rf4 Rd2 57.Rgxg4+ fxg4 58.Rxg4+ Kh5 59.Rc4 c6 60.
a4 Rxh2 1/2-1/2

[Event "EU-chT Seniors 03rd"]
[Site "Dresden"]
[Date "2001.03.01"]
[Round "5.2"]
[White "Gradl, Rudolf"]
[Black "Kunath, Emil"]
[Result "1/2-1/2"]
[WhiteElo "1687"]
[BlackElo "1671"]
[EventDate "2001.02.26"]
[PlyCount "41"]

1.d4 Nf6 2.Nf3 e6 3.Bg5 Be7 4.e3 Ne4 5.Bxe7 Qxe7 6.Bd3 f5 7.Nbd2 d5 8.Ne5 
O-O 9.O-O Nd7 10.Ndf3 c5 11.c3 c4 12.Bc2 b5 13.Nxd7 Bxd7 14.Ne5 Be8 15.f4 
Nf6 16.Qd2 Rc8 17.a4 a6 18.axb5 axb5 19.Ra2 Nd7 20.Nf3 Nf6 21.Ne5 1/2-1/2

[Event "EU-chT Seniors 03rd"]
[Site "Dresden"]
[Date "2001.03.01"]
[Round "5.2"]
[White "Mueller, Siegmar"]
[Black "Jaeger, Erich"]
[Result "0-1"]
[WhiteElo "1839"]
[BlackElo "1932"]
[EventDate "2001.02.26"]
[PlyCount "76"]

1.Nc3 d5 2.e4 d4 3.Nce2 e5 4.Ng3 Be6 5.Nf3 Bd6 6.b3 f6 7.Bc4 Qd7 8.Qe2 Nc6
9.O-O Nge7 10.a3 O-O-O 11.b4 Kb8 12.Bb2 h5 13.Nh4 Bxc4 14.Qxc4 g5 15.Nhf5 
h4 16.Nxe7 Nxe7 17.Ne2 Ng6 18.Qd3 Qg4 19.Qf3 Qxf3 20.gxf3 c5 21.bxc5 Bxc5 
22.d3 h3 23.Kh1 Nh4 24.Rg1 Ng2 25.Bc1 Rc8 26.Ra2 Rh7 27.c4 dxc3 28.Nxc3 
Bxf2 29.Rxf2 Rxc3 30.Rd2 Rhc7 31.Bb2 Rc2 32.Rgd1 Nh4 33.d4 Nxf3 34.dxe5 
Rxd2 35.Rxd2 Nxd2 36.exf6 Nxe4 37.Be5 Nxf6 38.Kg1 Ne4 0-1

[Event "EU-chT Seniors 03rd"]
[Site "Dresden"]
[Date "2001.03.01"]
[Round "5.2"]
[White "Pojedziniec, Wladyslaw"]
[Black "Braun, Gottfried"]
[Result "0-1"]
[WhiteElo "2225"]
[BlackElo "2231"]
[EventDate "2001.02.26"]
[PlyCount "92"]

1.d4 d6 2.Nf3 Nf6 3.c4 Nc6 4.d5 Ne5 5.Nxe5 dxe5 6.Nc3 e6 7.e4 exd5 8.cxd5 
c6 9.Bg5 Bc5 10.Qc2 O-O 11.Bc4 Qd6 12.O-O Bd4 13.dxc6 bxc6 14.Ne2 Bb6 15.
Rad1 Qe7 16.Rd2 h6 17.Bxf6 Qxf6 18.Ng3 g6 19.Kh1 Qe7 20.Rdd1 Be6 21.b3 
Rfd8 22.Bxe6 Qxe6 23.f3 Kg7 24.Ne2 Rac8 25.g3 h5 26.Kg2 h4 27.Rxd8 h3+ 28.
Kh1 Rxd8 29.Rd1 Qf6 30.Rf1 Qg5 31.f4 exf4 32.Nxf4 Qb5 33.Qc3+ Kg8 34.Qf3 
Qe5 35.Nxh3 Qe7 36.Nf4 Rd4 37.Re1 Rd2 38.Re2 Rd1+ 39.Kg2 Qd7 40.h3 Qd4 41.
h4 Qa1 42.Kh3 Rf1 43.Qd3 Rh1+ 44.Kg4 Qe5 45.Qf3 f5+ 46.exf5 Qxf5# 0-1

[Event "EU-chT Seniors 03rd"]
[Site "Dresden"]
[Date "2001.03.01"]
[Round "5.2"]
[White "Rahls, Peter"]
[Black "Nautsch, Werner"]
[Result "1/2-1/2"]
[WhiteElo "2299"]
[BlackElo "2206"]
[EventDate "2001.02.26"]
[PlyCount "107"]

1.e4 e6 2.Nf3 d5 3.e5 c5 4.b4 cxb4 5.d4 b6 6.a3 Ba6 7.Bxa6 Nxa6 8.c3 b3 9.
Qxb3 Nc7 10.a4 Qd7 11.O-O Ne7 12.Ba3 Nc6 13.Bxf8 Kxf8 14.Nbd2 Na5 15.Qa3+ 
Qe7 16.Qa2 g5 17.Rfc1 Kg7 18.c4 dxc4 19.Nxc4 Nxc4 20.Rxc4 Nd5 21.Rac1 g4 
22.Nd2 Qg5 23.Ne4 Qf4 24.Qe2 h5 25.g3 Qh6 26.h4 gxh3 27.Kh2 h4 28.Rg1 
hxg3+ 29.Rxg3+ Kf8 30.Qf3 Qf4 31.Qxf4 Nxf4 32.Rc7 Rg8 33.Nd6 Rxg3 34.Rxf7+
Kg8 35.Kxg3 Ne2+ 36.Kxh3 Nxd4 37.f4 Rf8 38.Rxf8+ Kxf8 39.Nc8 b5 40.axb5 
Nxb5 41.Kg4 a5 42.Nb6 Nd4 43.Kg3 Kf7 44.Kf2 Kg6 45.Ke3 Nb3 46.Na4 Kf5 47.
Nc3 Nc5 48.Kd4 Nd7 49.Ke3 Kg4 50.Na4 Nf8 51.Nc5 Kf5 52.Kd4 Kxf4 53.Kc4 
Kxe5 54.Nxe6 1/2-1/2

[Event "EU-chT Seniors 03rd"]
[Site "Dresden"]
[Date "2001.03.01"]
[Round "5.2"]
[White "Schneider, Georg"]
[Black "Koksch, Guenther"]
[Result "1-0"]
[WhiteElo "2106"]
[BlackElo "1996"]
[EventDate "2001.02.26"]
[PlyCount "77"]

1.e4 e6 2.d4 d5 3.Nc3 Bb4 4.e5 c5 5.a3 Ba5 6.Bd2 Nc6 7.Nb5 Nxd4 8.Nxd4 
cxd4 9.Nf3 Ne7 10.Bd3 Nc6 11.O-O Bxd2 12.Qxd2 a6 13.Qf4 Qc7 14.Rfe1 f6 15.
Qh4 Qf7 16.exf6 gxf6 17.Nxd4 e5 18.Nf5 Bxf5 19.Bxf5 Ne7 20.Bd3 Ng6 21.Qb4 
Qe7 22.Qa5 Qd6 23.Rad1 Rd8 24.Bf5 Ne7 25.Bg4 O-O 26.Bf3 Qc6 27.Qb4 Qd7 28.
Qh4 Qe6 29.Rd3 Ng6 30.Qh6 Rd7 31.Bh5 Rg7 32.Rg3 f5 33.Rg5 e4 34.Re3 f4 35.
Rh3 e3 36.fxe3 fxe3 37.Bxg6 e2 38.Bxh7+ Kf7 39.Rxg7+ 1-0

[Event "EU-chT Seniors 03rd"]
[Site "Dresden"]
[Date "2001.03.01"]
[Round "5.2"]
[White "Starke, Burkhard"]
[Black "Shestoperov, Aleksej"]
[Result "0-1"]
[WhiteElo "2089"]
[BlackElo "2437"]
[EventDate "2001.02.26"]
[PlyCount "52"]

1.Nf3 Nf6 2.d4 c5 3.d5 d6 4.Nc3 g6 5.e4 Bg7 6.h3 O-O 7.Be2 Na6 8.O-O Nc7 
9.a4 Rb8 10.Nd2 a6 11.f4 b5 12.Bf3 e6 13.dxe6 Nxe6 14.Ne2 Bb7 15.c3 Re8 
16.Qc2 c4 17.b4 cxb3 18.Nxb3 Qb6+ 19.Kh1 Rbc8 20.a5 Qa7 21.Ba3 Qa8 22.Bxd6
Bxe4 23.Nbd4 Nxd4 24.Nxd4 Bxc2 25.Bxa8 Rxa8 26.Nxc2 Ne4 0-1

[Event "EU-chT Seniors 03rd"]
[Site "Dresden"]
[Date "2001.03.01"]
[Round "5.3"]
[White "Appelt, Gerd"]
[Black "Groiss, Karl"]
[Result "1/2-1/2"]
[WhiteElo "1991"]
[BlackElo "1885"]
[EventDate "2001.02.26"]
[PlyCount "101"]

1.e4 c5 2.Nc3 e6 3.g3 Nc6 4.Bg2 a6 5.d3 Nf6 6.Be3 Be7 7.Nge2 O-O 8.h3 Qc7 
9.O-O d6 10.g4 h6 11.Ng3 b5 12.Qd2 Bb7 13.Rae1 Rad8 14.Qc1 Kh7 15.Nce2 Rh8
16.f4 Kg8 17.Bf2 Rc8 18.Nh5 g6 19.Nhg3 a5 20.f5 e5 21.fxg6 fxg6 22.g5 hxg5
23.Qxg5 Kf7 24.Nc3 Nd4 25.Bxd4 cxd4 26.Nd5 Bxd5 27.exd5 Rcf8 28.Rf2 Ke8 
29.Ref1 Qd8 30.Qxg6+ Kd7 31.Qf5+ Kc7 32.Qe6 Nd7 33.Nf5 Re8 34.Ng7 Reg8 35.
Qf7 Nc5 36.Nf5 Re8 37.Nxe7 Rxe7 38.Qxe7+ Qxe7 39.Rf7 Kd8 40.Rxe7 Kxe7 41.
b3 Nd7 42.Kh2 Nf6 43.Bf3 Rf8 44.Rg1 Kf7 45.Rg2 Rh8 46.Rf2 Ke7 47.Rg2 Kf7 
48.Be4 Rh6 49.Rf2 Ke7 50.Kg3 Nh5+ 51.Kg4 1/2-1/2

[Event "EU-chT Seniors 03rd"]
[Site "Dresden"]
[Date "2001.03.01"]
[Round "5.3"]
[White "Arkhangelsky, Boris"]
[Black "Beckel, Friedrich"]
[Result "1/2-1/2"]
[WhiteElo "2318"]
[BlackElo "1955"]
[EventDate "2001.02.26"]
[PlyCount "72"]

1.d4 Nf6 2.c4 g6 3.Nc3 d5 4.Nf3 Bg7 5.cxd5 Nxd5 6.e4 Nxc3 7.bxc3 c5 8.Be3 
Nc6 9.Qd2 Bg4 10.d5 Qa5 11.Rc1 Bxf3 12.gxf3 Ne5 13.Be2 c4 14.f4 Nd7 15.O-O
O-O 16.e5 Rac8 17.Bg4 Rcd8 18.Rfd1 f5 19.Be2 Kh8 20.Bxc4 g5 21.Qe2 gxf4 
22.Bxf4 Nb6 23.d6 exd6 24.exd6 Rde8 25.Be6 Rf6 26.d7 Nxd7 27.Rxd7 Rfxe6 
28.Qf3 Rg6+ 29.Kh1 Bxc3 30.Rd5 Qb4 31.h3 Bg7 32.Bd2 Qa4 33.a3 Bb2 34.Bc3+ 
Bxc3 35.Qxc3+ Kg8 36.Qf3 Qe4 1/2-1/2

[Event "EU-chT Seniors 03rd"]
[Site "Dresden"]
[Date "2001.03.01"]
[Round "5.3"]
[White "Boeckenhaupt, Rudi"]
[Black "Morgner, Siegfried"]
[Result "1-0"]
[WhiteElo "1858"]
[BlackElo "1662"]
[EventDate "2001.02.26"]
[PlyCount "124"]

1.e4 d6 2.d4 g6 3.f4 Bg7 4.Nf3 c5 5.c3 Qa5 6.d5 Bg4 7.h3 Bxf3 8.Qxf3 Nd7 
9.Bd3 b5 10.O-O c4 11.Bc2 b4 12.cxb4 Qxb4 13.Nc3 Bd4+ 14.Kh2 Ngf6 15.Rb1 
O-O 16.Bd2 Rac8 17.Qe2 Qb7 18.b4 cxb3 19.Rxb3 Qc7 20.Rc1 Bxc3 21.Rxc3 Qb7 
22.Rb3 Qa8 23.Rg3 Qb7 24.Rb1 Qa8 25.Ba4 Nc5 26.Bc2 Rb8 27.Bc3 Rxb1 28.Bxb1
Qb8 29.Bc2 Rc8 30.h4 Kf8 31.Re3 h5 32.Rf3 Ncd7 33.Kg3 Qc7 34.Qd3 Nc5 35.
Qd4 Qd7 36.f5 gxf5 37.exf5 Qb7 38.Qe3 Qxd5 39.Bxf6 exf6 40.Qh6+ Ke7 41.
Re3+ Kd7 42.Qg7 Qc4 43.Bb3 Nxb3 44.Rxb3 Qd5 45.Rf3 Rc4 46.Qxf6 Rg4+ 47.Kh3
Qxa2 48.g3 Qd5 49.Qc3 Qd1 50.Kg2 Qe2+ 51.Rf2 Qe4+ 52.Kh2 Qe5 53.Qxe5 dxe5 
54.Ra2 Rc4 55.Rxa7+ Rc7 56.Ra5 f6 57.Ra8 Rc8 58.Rxc8 Kxc8 59.Kg2 Kd7 60.
Kf3 Ke7 61.Ke3 Kd7 62.Kf3 Kc7 1-0

[Event "EU-chT Seniors 03rd"]
[Site "Dresden"]
[Date "2001.03.01"]
[Round "5.3"]
[White "Demmer, Wolfgang"]
[Black "Harzer, Paul"]
[Result "1/2-1/2"]
[WhiteElo "1793"]
[BlackElo "2066"]
[EventDate "2001.02.26"]
[PlyCount "38"]

1.e4 e6 2.d4 d5 3.exd5 exd5 4.Nf3 Nf6 5.c4 Be7 6.Nc3 O-O 7.Be2 dxc4 8.Bxc4
Nbd7 9.O-O Nb6 10.Bb3 c6 11.h3 Nbd5 12.Bg5 Be6 13.Re1 h6 14.Nxd5 Bxd5 15.
Bxd5 Nxd5 16.Bxe7 Nxe7 17.Qb3 Qd7 18.Rad1 Nd5 19.Ne5 Qc7 1/2-1/2

[Event "EU-chT Seniors 03rd"]
[Site "Dresden"]
[Date "2001.03.01"]
[Round "5.3"]
[White "Hauswald, Gerd"]
[Black "Schulz, Guenter"]
[Result "0-1"]
[WhiteElo "1322"]
[BlackElo "1705"]
[EventDate "2001.02.26"]
[PlyCount "126"]

1.d4 d5 2.c4 e6 3.cxd5 exd5 4.Nc3 Nf6 5.Bg5 Nbd7 6.Nxd5 Nxd5 7.Bxd8 Bb4+ 
8.Qd2 Bxd2+ 9.Kxd2 Kxd8 10.e4 N5b6 11.Rc1 c6 12.Bd3 h5 13.Ne2 Ke7 14.Ke3 
Re8 15.f3 Kf8 16.Kf2 Nf6 17.b3 a5 18.a4 Be6 19.Rc3 Nc8 20.Rhc1 Na7 21.Bc2 
b5 22.Bd1 Nd7 23.axb5 Nxb5 24.Rxc6 Nb8 25.Rb6 Bd7 26.Rc5 Na7 27.Rc7 Rd8 
28.d5 Nc8 29.Rbb7 Nd6 30.Rb6 Na6 31.Rc1 Nb5 32.Ke3 Rdb8 33.Rxb8+ Rxb8 34.
Ra1 Nac7 35.Rxa5 Ra8 36.Rxa8+ Nxa8 37.Bc2 Ke7 38.Bd3 Nac7 39.Bxb5 Nxb5 40.
g3 Kd6 41.Nf4 f5 42.h4 fxe4 43.fxe4 Nc7 44.Kd4 Nb5+ 45.Ke3 Bg4 46.Nd3 Bh3 
47.Nc1 Bg2 48.Nd3 Bh1 49.b4 Nc3 50.Nc5 Na2 51.Nd3 Bg2 52.Kd4 Bf1 53.e5+ 
Kc7 54.Nf4 Kb6 55.Ne6 Nxb4 56.Nc5 Nc2+ 57.Kc3 Kxc5 58.Kxc2 Kxd5 59.Kd2 
Kxe5 60.Ke3 Bh3 61.Kf3 Kf5 62.Ke3 Kg4 63.Kf2 g6 0-1

[Event "EU-chT Seniors 03rd"]
[Site "Dresden"]
[Date "2001.03.01"]
[Round "5.3"]
[White "Khanukov, Boris"]
[Black "Funk, Paul"]
[Result "1-0"]
[WhiteElo "2263"]
[BlackElo "2133"]
[EventDate "2001.02.26"]
[PlyCount "79"]

1.d4 d6 2.c4 e5 3.Nf3 Nc6 4.Nc3 Bg4 5.d5 Nce7 6.e4 Ng6 7.h3 Bd7 8.Be3 Be7 
9.Qd2 Nf6 10.g4 O-O 11.Bd3 a6 12.O-O-O b5 13.Kb1 bxc4 14.Bxc4 Bb5 15.Bb3 
Qb8 16.Rc1 Bd7 17.Ne1 a5 18.f3 a4 19.Bc4 Qb7 20.a3 Rfb8 21.Nd3 c6 22.dxc6 
Bxc6 23.Nb4 d5 24.exd5 Bxb4 25.axb4 Qxb4 26.dxc6 Qxc4 27.Ne4 Nxe4 28.Rxc4 
Nxd2+ 29.Bxd2 Ne7 30.Ka2 f6 31.Rhc1 Rb6 32.Be3 Rba6 33.c7 Rc8 34.Rd1 Kf7 
35.Rd8 Ke6 36.Ka3 Raa8 37.Bb6 Ra6 38.Rc6+ Kf7 39.Rd7 Ke8 40.Rxe7+ 1-0

[Event "EU-chT Seniors 03rd"]
[Site "Dresden"]
[Date "2001.03.01"]
[Round "5.3"]
[White "Krueger, Erich"]
[Black "Brameyer, Hermann"]
[Result "0-1"]
[WhiteElo "2207"]
[BlackElo "2215"]
[EventDate "2001.02.26"]
[PlyCount "124"]

1.d4 Nf6 2.c4 e6 3.Nc3 Bb4 4.Qc2 d5 5.cxd5 Qxd5 6.Nf3 Qf5 7.Qxf5 exf5 8.
Bd2 c6 9.e3 Nbd7 10.Bc4 Nb6 11.Bb3 Be6 12.Ne5 Nfd7 13.Nd3 Bd6 14.O-O O-O 
15.Rfd1 Rfd8 16.Rac1 Rac8 17.Ne2 Bxb3 18.axb3 Nd5 19.Ra1 a6 20.Rdc1 Re8 
21.b4 N7f6 22.Nc5 Rc7 23.g3 g5 24.Kf1 h6 25.Ra4 Kg7 26.Nc3 Kg6 27.Re1 Rce7
28.Nd1 g4 29.Nc3 h5 30.Nxd5 Nxd5 31.Raa1 Nf6 32.Kg2 h4 33.Red1 Rd8 34.Bc3 
Nd5 35.Re1 h3+ 36.Kf1 Nf6 37.Rad1 Bb8 38.Re2 Rd5 39.Rde1 Bd6 40.e4 fxe4 
41.Nxe4 Nxe4 42.Rxe4 Rxe4 43.Rxe4 f5 44.Re1 Kf7 45.Ra1 Rb5 46.Ra4 Ke6 47.
Ke2 f4 48.Be1 Rf5 49.Ra3 Bc7 50.Kd3 Kd5 51.Ke2 Rf7 52.Rd3 Re7+ 53.Kd1 Re4 
54.Bc3 fxg3 55.fxg3 Bb6 56.Rd2 Bxd4 57.Kc2 b6 58.Kb3 c5 59.bxc5 bxc5 60.
Ka4 Kc4 61.Bxd4 cxd4 62.Ka5 d3 0-1

[Event "EU-chT Seniors 03rd"]
[Site "Dresden"]
[Date "2001.03.01"]
[Round "5.3"]
[White "Salzmann, Helmut"]
[Black "Kohlschmidt, Christoph"]
[Result "1/2-1/2"]
[WhiteElo "1926"]
[BlackElo "1826"]
[EventDate "2001.02.26"]
[PlyCount "55"]

1.d4 Nf6 2.Nf3 c5 3.d5 g6 4.c4 Bg7 5.Nc3 d6 6.e4 O-O 7.Be2 Nbd7 8.O-O a6 
9.a4 Re8 10.Ra3 Nf8 11.Bf4 Nh5 12.Be3 f5 13.exf5 gxf5 14.Ng5 Nf6 15.Bh5 
Ng6 16.Nh3 Rf8 17.Nf4 Ne5 18.Be2 Kh8 19.h3 Rg8 20.Ne6 Bxe6 21.dxe6 Qc8 22.
Nd5 Qd8 23.Qc2 Nxd5 24.cxd5 Qf8 25.f4 Ng6 26.g3 Bf6 27.Kh2 Qg7 28.Rf2 
1/2-1/2

[Event "EU-chT Seniors 03rd"]
[Site "Dresden"]
[Date "2001.03.01"]
[Round "5.3"]
[White "Starck, Bodo"]
[Black "Krawiec, Witold"]
[Result "1-0"]
[WhiteElo "2176"]
[BlackElo "2000"]
[EventDate "2001.02.26"]
[PlyCount "83"]

1.d4 d5 2.c4 e6 3.Nc3 c6 4.Nf3 Nf6 5.Bg5 Be7 6.e3 Nbd7 7.cxd5 Nxd5 8.Bxe7 
Qxe7 9.Qb3 Nxc3 10.Qxc3 O-O 11.Rc1 Re8 12.Ne5 f6 13.Nxd7 Bxd7 14.Bc4 Kh8 
15.O-O e5 16.dxe5 Qxe5 17.Qxe5 Rxe5 18.Rfd1 Re7 19.Rd6 Rae8 20.Rcd1 Bc8 
21.Rd8 g6 22.Bf7 Rxd8 23.Rxd8+ Kg7 24.Bxg6 hxg6 25.Rxc8 Rd7 26.Kf1 Kf7 27.
Ke2 Ke6 28.h4 a5 29.Rg8 Kf7 30.Rh8 Kg7 31.Ra8 b6 32.Rb8 b5 33.Rb6 Rd6 34.
b3 b4 35.Ra6 Rd5 36.Rxc6 f5 37.f3 Kh6 38.Rc7 g5 39.Rc6+ Kh5 40.hxg5 Kxg5 
41.Rc4 Kf6 42.e4 1-0

[Event "EU-chT Seniors 03rd"]
[Site "Dresden"]
[Date "2001.03.01"]
[Round "5.4"]
[White "Barnstedt, Dietrich"]
[Black "Bakhmatov, Eduard"]
[Result "0-1"]
[WhiteElo "2054"]
[BlackElo "2246"]
[EventDate "2001.02.26"]
[PlyCount "108"]

1.d4 d5 2.Nf3 e6 3.c3 Nf6 4.Nbd2 c5 5.e3 Nc6 6.Bd3 Be7 7.Qe2 O-O 8.O-O Qb6
9.Ne5 Nd7 10.f4 f5 11.Nxd7 Bxd7 12.Nf3 a6 13.Kh1 Kh8 14.Rg1 Bf6 15.Rb1 Nd8
16.Ne5 Bxe5 17.fxe5 Bb5 18.b3 c4 19.bxc4 dxc4 20.Bxc4 Bxc4 21.Qxc4 Qxb1 
22.Ba3 Qb5 23.Qxb5 axb5 24.Bxf8 Rxa2 25.Rb1 Rc2 26.Kg1 Rxc3 27.Kf2 Rc2+ 
28.Kf3 Nf7 29.h4 Kg8 30.Bc5 Nxe5+ 31.Kg3 Rc3 32.Rxb5 Rxe3+ 33.Kf2 Ng4+ 34.
Kf1 Re4 35.Rxb7 f4 36.h5 h6 37.Rb8+ Kh7 38.Rb3 Nf6 39.Rh3 Kg8 40.Kf2 Kf7 
41.Kf3 Re3+ 42.Kxf4 Rxh3 43.gxh3 Nxh5+ 44.Ke5 g5 45.Ke4 Ng3+ 46.Kf3 Nf5 
47.Ke4 Ne7 48.Bd6 h5 49.Bh2 Nd5 50.Bb8 Nf6+ 51.Kf3 h4 52.Bc7 Kg6 53.Bd8 
Kf5 54.Be7 Nd5 0-1

[Event "EU-chT Seniors 03rd"]
[Site "Dresden"]
[Date "2001.03.01"]
[Round "5.4"]
[White "Koller, Karl"]
[Black "Mann, Dieter"]
[Result "1-0"]
[WhiteElo "1804"]
[BlackElo "1881"]
[EventDate "2001.02.26"]
[PlyCount "101"]

1.e4 c6 2.d4 d5 3.Nc3 dxe4 4.Nxe4 Nd7 5.g3 Ngf6 6.Nxf6+ Nxf6 7.Bg2 Bf5 8.
c3 e6 9.Qb3 Qd7 10.Nf3 Bd6 11.Nh4 Be4 12.Bg5 Bxg2 13.Nxg2 Ne4 14.Be3 O-O 
15.f3 Nf6 16.Bf4 b6 17.Bxd6 Qxd6 18.Ne3 Rfd8 19.O-O c5 20.Rad1 Qc6 21.Qc4 
Nd5 22.Nxd5 Rxd5 23.a4 Qb7 24.Rd3 Rc8 25.dxc5 b5 26.axb5 Rb8 27.b4 Rbd8 
28.Rfd1 Qd7 29.Rxd5 exd5 30.Qd3 Qe6 31.c6 a6 32.c7 Qb6+ 33.Kg2 Qxc7 34.
bxa6 Qb6 35.b5 Qa5 36.c4 d4 37.c5 Qa2+ 38.Rd2 Qd5 39.Rc2 Re8 40.b6 Re3 41.
Qf1 Qb3 42.Re2 g5 43.Rxe3 dxe3 44.Qe2 g4 45.b7 Kg7 46.fxg4 Qd5+ 47.Kg1 Qd2
48.Kf1 Qc1+ 49.Kg2 Qd2 50.Kf3 h5 51.Qxe3 1-0

[Event "EU-chT Seniors 03rd"]
[Site "Dresden"]
[Date "2001.03.01"]
[Round "5.4"]
[White "Lieb, Harald"]
[Black "Neese, Hans Joachim"]
[Result "1-0"]
[WhiteElo "2229"]
[BlackElo "2157"]
[EventDate "2001.02.26"]
[PlyCount "113"]

1.d4 Nf6 2.Nf3 e6 3.c4 d5 4.Nc3 c6 5.e3 Bd6 6.Bd3 Nbd7 7.O-O O-O 8.e4 dxe4
9.Nxe4 Nxe4 10.Bxe4 Nf6 11.Bc2 h6 12.Qe2 c5 13.Rd1 Qc7 14.h3 b6 15.b3 Bb7 
16.Bb2 Qe7 17.a3 Rfd8 18.dxc5 bxc5 19.Ne5 Bc7 20.Bc3 Rxd1+ 21.Rxd1 Rd8 22.
Nd3 Ne4 23.Bb2 Qg5 24.Qg4 Qxg4 25.hxg4 Bd6 26.f3 Nf6 27.Kf1 Be7 28.Bc1 Kf8
29.Be3 Rc8 30.Ke2 Nd7 31.Nf2 Nf6 32.Rh1 Nd7 33.Rd1 Nf6 34.g5 hxg5 35.Bxg5 
Rd8 36.Rh1 Ke8 37.b4 Bc6 38.b5 Bb7 39.Ba4 Kf8 40.Rh8+ Ng8 41.Rxg8+ Kxg8 
42.Bxe7 Rd4 43.Bb3 Rd7 44.Bxc5 a6 45.a4 f6 46.Be3 Kf7 47.Nd3 axb5 48.axb5 
Rd8 49.c5 Bd5 50.Bxd5 exd5 51.c6 d4 52.Bf4 g5 53.Bc7 Re8+ 54.Kd2 Ke6 55.
Nb4 Ra8 56.b6 Ra4 57.Nc2 1-0

[Event "EU-chT Seniors 03rd"]
[Site "Dresden"]
[Date "2001.03.01"]
[Round "5.4"]
[White "Litterst, Reinhard"]
[Black "Gafke, Manfred"]
[Result "1/2-1/2"]
[WhiteElo "1930"]
[BlackElo "1699"]
[EventDate "2001.02.26"]
[PlyCount "42"]

1.d4 d5 2.Nf3 Nf6 3.c4 e6 4.e3 c5 5.Nc3 cxd4 6.exd4 Bb4 7.Bd3 O-O 8.O-O 
Bxc3 9.bxc3 dxc4 10.Bxc4 Qc7 11.Qd3 b6 12.Ne5 Bb7 13.f3 Nbd7 14.Re1 Nxe5 
15.dxe5 Rfd8 16.Qe2 Nd7 17.Bg5 Rdc8 18.Bb5 Nc5 19.Rac1 Bc6 20.Bxc6 Qxc6 
21.Be3 Rd8 1/2-1/2

[Event "EU-chT Seniors 03rd"]
[Site "Dresden"]
[Date "2001.03.01"]
[Round "5.4"]
[White "Neubert, Gerhard"]
[Black "Rost van Tonningen, Otto"]
[Result "1/2-1/2"]
[WhiteElo "1849"]
[BlackElo "2047"]
[EventDate "2001.02.26"]
[PlyCount "45"]

1.e4 d6 2.d4 Nf6 3.Nc3 Nbd7 4.f4 e5 5.Nf3 exd4 6.Nxd4 Nc5 7.Bd3 Bg4 8.Nf3 
c6 9.O-O Be7 10.h3 Bxf3 11.Qxf3 O-O 12.Be3 Nxd3 13.cxd3 d5 14.Ne2 dxe4 15.
dxe4 Qa5 16.Ng3 Rfe8 17.a3 Bc5 18.Kh2 Bxe3 19.Qxe3 Rad8 20.Rad1 h6 21.Qf3 
Rxd1 22.Rxd1 Qa4 23.Re1 1/2-1/2

[Event "EU-chT Seniors 03rd"]
[Site "Dresden"]
[Date "2001.03.01"]
[Round "5.4"]
[White "Piekarz, Peter"]
[Black "Belov, Vadim G"]
[Result "1/2-1/2"]
[WhiteElo "2024"]
[BlackElo "2308"]
[EventDate "2001.02.26"]
[PlyCount "32"]

1.c4 e6 2.g3 d5 3.Bg2 c6 4.Nf3 f5 5.O-O Nf6 6.d4 Be7 7.Nc3 O-O 8.Bf4 h6 9.
h4 Ne4 10.Bxb8 Rxb8 11.Ne5 Bf6 12.Ng6 Rf7 13.cxd5 exd5 14.e3 Qd6 15.h5 Bd8
16.Ne2 Ba5 1/2-1/2

[Event "EU-chT Seniors 03rd"]
[Site "Dresden"]
[Date "2001.03.01"]
[Round "5.4"]
[White "Rodemann, Edmund"]
[Black "Ehlert, Joachim"]
[Result "1/2-1/2"]
[WhiteElo "1945"]
[BlackElo "1863"]
[EventDate "2001.02.26"]
[PlyCount "46"]

1.e4 c5 2.c3 d6 3.d4 cxd4 4.cxd4 g6 5.Nc3 Bg7 6.Be3 e6 7.Nf3 Ne7 8.Qd2 O-O
9.Bh6 Nd7 10.h4 Nf6 11.h5 Ng4 12.Bxg7 Kxg7 13.O-O-O f5 14.hxg6 hxg6 15.Ng5
Rh8 16.Bc4 d5 17.Rxh8 Qxh8 18.exd5 exd5 19.Nxd5 Nxd5 20.Bxd5 Qd8 21.Ne6+ 
Bxe6 22.Bxe6 Qb6 23.Bb3 Qc6+ 1/2-1/2

[Event "EU-chT Seniors 03rd"]
[Site "Dresden"]
[Date "2001.03.01"]
[Round "5.4"]
[White "Schmitthoefer, Herbert"]
[Black "Oelert, Ralf"]
[Result "1-0"]
[WhiteElo "1738"]
[BlackElo "1849"]
[EventDate "2001.02.26"]
[PlyCount "81"]

1.d4 Nf6 2.Nf3 e6 3.c4 d5 4.Nc3 c6 5.cxd5 exd5 6.Bg5 Bf5 7.Qb3 b6 8.e3 h6 
9.Bh4 a5 10.Bxf6 gxf6 11.Qd1 Bg4 12.h3 Bh5 13.g4 Bg6 14.Bd3 h5 15.Bxg6 
hxg4 16.Bf5 gxf3 17.Qxf3 Bb4 18.Ke2 Bxc3 19.bxc3 Na6 20.h4 Qe7 21.a4 Nc7 
22.h5 b5 23.Bc2 Ne6 24.axb5 cxb5 25.Rhb1 Nc7 26.Bd3 Qd7 27.Rg1 Ke7 28.Rg7 
Ne6 29.Bf5 Qc6 30.Bxe6 Qxe6 31.Qg3 a4 32.Qc7+ Kf8 33.Rag1 Rc8 34.Rxf7+ 
Qxf7 35.Qxc8+ Qe8 36.Qc5+ Qe7 37.Qxd5 Qe8 38.Qc5+ Kf7 39.Qc7+ Ke6 40.Rg6 
Rxh5 41.Qb6+ 1-0

[Event "EU-chT Seniors 03rd"]
[Site "Dresden"]
[Date "2001.03.01"]
[Round "5.4"]
[White "Shabanov, Yuri"]
[Black "Niedermayr, Horst"]
[Result "1-0"]
[WhiteElo "2505"]
[BlackElo "2216"]
[EventDate "2001.02.26"]
[PlyCount "97"]

1.e4 d5 2.exd5 Qxd5 3.Nc3 Qa5 4.d4 c6 5.Bc4 Nf6 6.Nf3 Bf5 7.Bd2 e6 8.Qe2 
Bb4 9.O-O O-O 10.a3 Bxc3 11.Bxc3 Qd8 12.Bb3 Re8 13.Rad1 Bg4 14.h3 Bxf3 15.
Qxf3 Nbd7 16.Rfe1 Qc7 17.Bd2 Rad8 18.Bg5 Qa5 19.Bh4 h6 20.Ba2 Qb6 21.Qb3 
Qxb3 22.Bxb3 Rc8 23.c3 Nd5 24.Bg3 N7f6 25.Bh2 Red8 26.Kf1 Kf8 27.Be5 b5 
28.a4 a6 29.Ra1 b4 30.c4 Ne7 31.a5 c5 32.dxc5 Rxc5 33.Bf4 Rcc8 34.Be3 Kg8 
35.Bb6 Rd2 36.Re2 Rxe2 37.Kxe2 Ne4 38.Bc2 Nc5 39.b3 f5 40.Rd1 Kf7 41.Rd6 
Nb7 42.Rd7 Nc5 43.Ra7 Kf6 44.Kd2 g5 45.g4 fxg4 46.hxg4 Rc6 47.Ke3 Rc8 48.
f3 Rc6 49.Bd8 1-0

[Event "EU-chT Seniors 03rd"]
[Site "Dresden"]
[Date "2001.03.01"]
[Round "5.4"]
[White "Wieckowski, Ryszard"]
[Black "Lenk, Wolfgang"]
[Result "0-1"]
[WhiteElo "1930"]
[BlackElo "2059"]
[EventDate "2001.02.26"]
[PlyCount "62"]

1.c4 Nf6 2.Nc3 g6 3.g3 Bg7 4.Bg2 O-O 5.e3 d6 6.Nge2 Nc6 7.O-O e5 8.b3 Re8 
9.Bb2 Bf5 10.d3 Qd7 11.Re1 Nb4 12.e4 Bh3 13.a3 Bxg2 14.Kxg2 Nc6 15.Nd5 
Nxd5 16.cxd5 Ne7 17.f4 f5 18.fxe5 dxe5 19.Ng1 c6 20.dxc6 Nxc6 21.Nf3 Rad8 
22.exf5 gxf5 23.Rb1 Qxd3 24.Qxd3 Rxd3 25.Ba1 e4 26.Nh4 Bxa1 27.Rxa1 Nd4 
28.Red1 Nc2 29.Nxf5 Nxa1 30.Rxa1 Rxb3 31.h4 e3 0-1

[Event "EU-chT Seniors 03rd"]
[Site "Dresden"]
[Date "2001.03.01"]
[Round "5.4"]
[White "Zanger, Konrad"]
[Black "Tochtermann, Georg"]
[Result "0-1"]
[WhiteElo "1679"]
[BlackElo "1905"]
[EventDate "2001.02.26"]
[PlyCount "138"]

1.d4 Nf6 2.c4 e6 3.e3 Bb4+ 4.Bd2 a5 5.Bd3 b6 6.Nf3 Bb7 7.a3 Be7 8.Nc3 d6 
9.O-O Nbd7 10.Re1 e5 11.e4 O-O 12.d5 Re8 13.Rb1 Nf8 14.b4 Bc8 15.h3 Ng6 
16.Ne2 axb4 17.axb4 Bd7 18.Ra1 Nh5 19.Rxa8 Qxa8 20.Qa1 Qc8 21.Kh2 Bf6 22.
b5 Nhf4 23.Bxf4 exf4 24.Qc1 Be5 25.Neg1 Qa8 26.Rd1 Qa4 27.Qc2 Ra8 28.Qe2 
Bf6 29.Bc2 Qb4 30.Rb1 Qc5 31.Bd3 Ra3 32.Rd1 Qb4 33.Rb1 Qa5 34.Rd1 Bc3 35.
Rc1 Ra1 36.Qc2 Rxc1 37.Qxc1 Qa1 38.Qxa1 Bxa1 39.Ne2 Bb2 40.Kg1 h6 41.Kf1 
Kf8 42.Ke1 Ke7 43.Kd2 Ba3 44.Ke1 Bb4+ 45.Kf1 Bc5 46.Ke1 Ba3 47.Kf1 Bb2 48.
Ke1 Be5 49.Neg1 Nf8 50.Ne2 g5 51.Nh2 Bg7 52.f3 Ng6 53.Ng4 h5 54.Nf2 Ne5 
55.Kd2 Bh6 56.Kc3 Ng6 57.Ng1 Nh4 58.Bf1 f5 59.Kd3 Kf6 60.exf5 Nxf5 61.Ne2 
Ne3 62.Nxf4 gxf4 63.Ne4+ Ke5 64.Ke2 Bf5 65.Nd2 Kd4 66.Kf2 Kc3 67.Ne4+ Bxe4
68.fxe4 Nxf1 69.Kxf1 Kxc4 0-1

[Event "EU-chT Seniors 03rd"]
[Site "Dresden"]
[Date "2001.03.02"]
[Round "6.1"]
[White "Biebinger, Gerhard"]
[Black "Boehnisch, Manfred"]
[Result "0-1"]
[WhiteElo "2344"]
[BlackElo "2265"]
[EventDate "2001.02.26"]
[PlyCount "102"]

1.c4 c6 2.d4 d5 3.Nf3 Nf6 4.Qc2 g6 5.Bf4 Bg7 6.e3 O-O 7.Nc3 Bf5 8.Qb3 b6 
9.Rc1 Nbd7 10.cxd5 cxd5 11.h3 a6 12.Be2 b5 13.O-O Qb6 14.Nxd5 Nxd5 15.Qxd5
Rac8 16.Qb3 Nf6 17.Be5 Be6 18.Qa3 Nd5 19.Bg3 a5 20.Ng5 Bd7 21.Ne4 Nb4 22.
Nc5 Bc6 23.Rfd1 Rfd8 24.Nb3 Ra8 25.Bf1 e6 26.Nc5 Bf8 27.b3 Na6 28.Qb2 Rac8
29.Nd3 Be4 30.Ne5 Nb4 31.f3 Bb7 32.Bf2 Bg7 33.a3 Nd5 34.Nd3 b4 35.axb4 
axb4 36.Rxc8 Rxc8 37.Rc1 Rxc1 38.Qxc1 Bh6 39.Nc5 Bc6 40.Qe1 Bb5 41.e4 Nc3 
42.Qa1 Bxf1 43.Qa8+ Kg7 44.Kxf1 Qb5+ 45.Kg1 Qe2 46.Nd7 Qd1+ 47.Kh2 Bf4+ 
48.g3 Bd6 49.Kg2 Qc2 50.Qc6 Bxg3 51.Kxg3 Ne2+ 0-1